000 00786cam a2200145 4500500
005 20260208005828.0
041 _afre
042 _adc
100 1 0 _aAutrand, Michel
_eauthor
245 0 0 _aJACQUELINE BLANCART-CASSOU, Ghelderode conteur, De l’angoisse au rire. Champion, 2003. Un vol. 16 × 24 de 316 p. GHELDERODE, Escurial et Hop Signor. Collection Foliothéâtre, Gallimard, 2004. Un vol. 10,5 × 17,5 de 213 p. MICHEL DE GHELDERODE, Théâtre oublié. Champion, 2004. Un vol. 16 × 24 de 451 p.
260 _c2005.
500 _a35
786 0 _nRevue d'histoire littéraire de la France | 105 | 3 | 2005-06-01 | p. 655zzh-764zzh | 0035-2411
856 4 1 _uhttps://shs.cairn.info/revue-d-histoire-litteraire-de-la-france-2005-3-page-655zzh?lang=fr&redirect-ssocas=7080
999 _c1653994
_d1653994